[Event "22nd European Teams Women"]
[Site "Batumi GEO"]
[Date "2019.11.01"]
[Round "8.14"]
[Board "2"]
[White "Machlik, Edit"]
[Black "Vanduyfhuys, Daria"]
[Result "1-0"]
[BlackTitle "WFM"]
[WhiteElo "2062"]
[BlackElo "1983"]
[WhiteTeam "Norway"]
[BlackTeam "Belgium"]
[WhiteFideId "1513591"]
[BlackFideId "246336"]
[EventDate "2019.10.24"]

1. d4 d5 2. c4 e6 3. Nc3 Nf6 4. cxd5 exd5 5. Bg5 Be7 6. e3 c6 7. Qc2 Nbd7 8. Bd3
Nh5 9. Bxe7 Qxe7 10. O-O-O Nb6 11. h3 g6 12. Nf3 Be6 13. Kb1 O-O-O 14. Na4 Nxa4
15. Qxa4 Kb8 16. Rc1 Bf5 17. Rhd1 f6 18. Ka1 Bxd3 19. Rxd3 Rc8 20. Ra3 a6 21.
Qa5 Ng7 22. Rb3 Ka8 23. Ne1 Ne6 24. Nd3 Rc7 25. Nb4 Qd7 26. Qb6 Rhc8 27. Ra3 Ng5
28. f3 Nf7 29. Nxa6 bxa6 30. Rxa6+ Ra7 31. Rxc6 Rb8 32. Rc7 Qxc7 33. Qxc7 Rxa6
34. Qxf7 Ra5 35. Qxf6 Rc8 36. Kb1 Kb7 37. Qe7+ Rc7 38. Qb4+ Ka6 39. Qd6+ Kb7 40.
b4 Ra3 41. Qxd5+ Kc8 42. Qg8+ Kb7 43. Qd5+ Kb6 44. e4 Rac3 45. Qa5+ Kb7 46. Qa4
Rc1+ 47. Kb2 Re1 48. Qb5+ Kc8 49. d5 Rb7 50. Qc4+ Rc7 51. Qa6+ Kd7 52. Qe6+ Kd8
53. Qg8+ Kd7 54. Qxh7+ Kc8 55. Qxg6 Re2+ 56. Kb3 Re3+ 57. Kb2 Re2+ 58. Kb3 Re3+
59. Ka4 Ra7+ 60. Kb5 1-0

[Event "22nd European Teams Women"]
[Site "Batumi GEO"]
[Date "2019.11.01"]
[Round "8.14"]
[Board "3"]
[White "Barbier, Astrid"]
[Black "Johnsen, Sylvia"]
[Result "1/2-1/2"]
[BlackTitle "WFM"]
[WhiteElo "1974"]
[BlackElo "1898"]
[WhiteTeam "Belgium"]
[BlackTeam "Norway"]
[WhiteFideId "200395"]
[BlackFideId "1500988"]
[EventDate "2019.10.24"]

1. e4 e5 2. Nf3 Nc6 3. d4 exd4 4. Bc4 Bc5 5. c3 Nf6 6. e5 d5 7. Bb5 Qe7 8. O-O
Ne4 9. cxd4 Bb4 10. Qc2 Qe6 11. Nbd2 Bxd2 12. Bxd2 Bd7 13. Bd3 Nxd2 14. Qxd2 Qg4
15. Rac1 O-O 16. Bb1 Rad8 17. Rc3 f6 18. Rd1 Be6 19. Rb3 Rb8 20. exf6 Rxf6 21.
Rc1 Bf7 22. h3 Qd7 23. Qg5 Qd8 24. Ne5 Nxd4 25. Nxf7 Rxf7 26. Qxd8+ Rxd8 27. Re3
c6 28. Rce1 Rdf8 29. f3 Nf5 30. Re8 g6 31. R8e6 Nd4 32. R6e3 Kg7 33. Kf2 Nf5 34.
Re6 Rd8 35. Bd3 Nd4 36. Re7 Rd7 37. R7e3 c5 38. Re8 c4 39. Bb1 Nc6 40. a3 b5 41.
h4 a5 42. g4 b4 43. axb4 axb4 44. g5 Rfe7 45. h5 Rxe1 46. Rxe1 d4 47. Be4 Ne7
48. Ke2 Nd5 49. hxg6 Nf4+ 50. Kd2 hxg6 51. Ra1 c3+ 52. bxc3 dxc3+ 53. Kc2 Ne6
54. Kb3 Nxg5 55. Kxb4 Nxe4 56. fxe4 c2 57. Kc3 Rc7+ 58. Kd2 Kf6 59. Kc1 Ke5 60.
Ra6 g5 61. Rg6 Kf4 62. e5 g4 63. e6 g3 64. Rf6+ Ke3 65. Rg6 Kf2 66. Rf6+ Kg1 67.
Rg6 g2 68. Rg8 Rh7 69. Kxc2 Kh2 70. Kd3 g1=Q 71. Rxg1 Kxg1 72. Kd4 Rh5 73. e7
Rh4+ 74. Kd5 Rh5+ 1/2-1/2

[Event "22nd European Teams Women"]
[Site "Batumi GEO"]
[Date "2019.11.01"]
[Round "8.14"]
[Board "4"]
[White "Kyrkjebo, Marte B."]
[Black "Cuvelier, Annelies"]
[Result "1/2-1/2"]
[WhiteElo "1871"]
[BlackElo "1844"]
[WhiteTeam "Norway"]
[BlackTeam "Belgium"]
[WhiteFideId "1511602"]
[BlackFideId "213950"]
[EventDate "2019.10.24"]

1. e4 e5 2. Nf3 Nc6 3. d4 exd4 4. Nxd4 Bb4+ 5. Nc3 Nf6 6. Nxc6 bxc6 7. Bd3 d5 8.
exd5 cxd5 9. O-O O-O 10. h3 c6 11. Qf3 Rb8 12. Bf4 Bd6 13. b3 a5 14. Bxd6 Qxd6
15. Qg3 Qxg3 16. fxg3 Be6 17. g4 Nd7 18. Na4 c5 19. Rad1 Rfc8 20. Be2 Nb6 21.
Nxb6 Rxb6 22. Bf3 d4 23. Be4 g6 24. Kh2 a4 25. bxa4 Rb4 26. a5 Rc7 27. a6 Ra7
28. Bb7 Ra4 29. Rb1 Bc4 30. Rf6 Rxa2 31. Rc6 Rxc2 32. Rxc5 d3 33. Rc8+ Kg7 34.
Rd8 d2 35. Rd1 Bxa6 36. Bxa6 Rxa6 37. R1xd2 Raa2 38. Rxc2 Rxc2 39. Rd6 h6 40.
Kg3 Re2 41. Rb6 Re3+ 42. Kf2 Re5 43. Kf3 h5 44. gxh5 Rf5+ 45. Kg4 Rxh5 46. Kg3
Rc5 47. Kf3 Rc4 48. Ra6 g5 49. Rb6 f6 50. g4 Rc3+ 51. Kg2 Re3 52. Ra6 Kf7 53.
Rb6 Ke7 54. Ra6 Kf7 1/2-1/2

[Event "22nd European Teams Women"]
[Site "Batumi GEO"]
[Date "2019.11.01"]
[Round "8.15"]
[Board "1"]
[White "Stojkovska, Monika"]
[Black "Cramling, Pia"]
[Result "0-1"]
[WhiteTitle "WFM"]
[BlackTitle "GM"]
[WhiteElo "2108"]
[BlackElo "2462"]
[WhiteTeam "Republic of North Macedonia"]
[BlackTeam "Sweden"]
[WhiteFideId "15002594"]
[BlackFideId "1700030"]
[EventDate "2019.10.24"]

1. d4 Nf6 2. c4 e6 3. Nc3 Bb4 4. f3 c5 5. d5 d6 6. e4 O-O 7. Ne2 a6 8. Ng3 exd5
9. cxd5 Nbd7 10. Be2 b5 11. O-O Rb8 12. Be3 Ne5 13. Kh1 Re8 14. Qc1 Bd7 15. Bg1
Ng6 16. Bd3 Ba5 17. Nce2 Rc8 18. b3 h5 19. Nf4 Ne5 20. Bc2 h4 21. Nge2 Qe7 22.
Qd1 g5 23. Nd3 Ng6 24. Nf2 Kg7 25. a3 Bb6 26. Qd2 Nh5 27. Ng4 Rh8 28. Be3 f6 29.
Kg1 Ne5 30. Nxe5 dxe5 31. Rfd1 Qd6 32. Kf2 Nf4 33. Kf1 Kf7 34. Nxf4 gxf4 35. Bg1
h3 36. g4 fxg3 37. hxg3 Rcg8 38. Bh2 c4 39. b4 Bd4 40. Rab1 Qb6 41. Qe1 Ra8 42.
Rd2 a5 43. Re2 axb4 44. axb4 Ra3 45. Rf2 Bxf2 46. Qxf2 Qxf2+ 47. Kxf2 Ra2 48.
Rc1 Rha8 49. f4 Ra1 0-1

[Event "22nd European Teams Women"]
[Site "Batumi GEO"]
[Date "2019.11.01"]
[Round "8.15"]
[Board "2"]
[White "Cramling Bellon, Anna"]
[Black "Bejatovic, Bojana"]
[Result "1-0"]
[WhiteTitle "WFM"]
[WhiteElo "2164"]
[BlackElo "2004"]
[WhiteTeam "Sweden"]
[BlackTeam "Republic of North Macedonia"]
[WhiteFideId "32009232"]
[BlackFideId "15000141"]
[EventDate "2019.10.24"]

1. d4 f5 2. Nc3 Nf6 3. Bg5 d5 4. e3 e6 5. Nf3 Be7 6. Bd3 O-O 7. O-O Nbd7 8. Na4
Ne4 9. Bxe7 Qxe7 10. c4 b6 11. cxd5 exd5 12. Rc1 Qd6 13. Qc2 c5 14. Bb5 a6 15.
Bxd7 Bxd7 16. dxc5 Bxa4 17. cxd6 Bxc2 18. Rxc2 Rad8 19. Rc6 Rxd6 20. Rfc1 f4 21.
Rxd6 Nxd6 22. Rc6 Rc8 23. Rxc8+ Nxc8 24. exf4 Kf7 25. Kf1 Kf6 26. Ke2 Kf5 27.
Ke3 Nd6 28. b3 Ne4 29. Nd4+ Kf6 30. Ne2 g6 31. f3 Nd6 32. g4 Nb5 33. a4 Nc7 34.
Kd4 Ke6 35. f5+ gxf5 36. Nf4+ Kf7 37. gxf5 1-0

[Event "22nd European Teams Women"]
[Site "Batumi GEO"]
[Date "2019.11.01"]
[Round "8.15"]
[Board "3"]
[White "Manova, Ivana"]
[Black "Bengtsson, Siv"]
[Result "0-1"]
[WhiteElo "1795"]
[BlackElo "2086"]
[WhiteTeam "Republic of North Macedonia"]
[BlackTeam "Sweden"]
[WhiteFideId "15003590"]
[BlackFideId "1701673"]
[EventDate "2019.10.24"]

1. e4 e6 2. d4 d5 3. Nd2 c5 4. Ngf3 cxd4 5. Nxd4 Nc6 6. Nxc6 bxc6 7. Bd3 Nf6 8.
O-O Be7 9. c4 O-O 10. b3 e5 11. cxd5 cxd5 12. Bb2 d4 13. Nc4 Nd7 14. Rc1 f6 15.
Ba3 Bxa3 16. Nxa3 Qe7 17. Bc4+ Kh8 18. Nc2 Bb7 19. f3 Nc5 20. Ne1 Rad8 21. Nd3
Nd7 22. Qd2 Nb6 23. Qa5 Nxc4 24. Rxc4 Rd7 25. Rfc1 Qd8 26. Qb5 Qe7 27. Qa5 Qd6
28. b4 Qb6 29. Qxb6 axb6 30. b5 Kg8 31. Rc7 Rfd8 32. Kf2 Kf7 33. Rxd7+ Rxd7 34.
Ke2 Ke6 35. Nb2 f5 36. exf5+ Kxf5 37. Kd3 e4+ 38. fxe4+ Bxe4+ 39. Kd2 Ra7 40. a4
Bxg2 41. Kd3 g5 42. Rg1 Bf3 43. Kxd4 g4 44. Kc3 h5 45. Nc4 Rxa4 46. Nxb6 Ra2 47.
Nc4 Rxh2 48. b6 Re2 49. b7 Bxb7 50. Nd6+ Kf4 51. Nxb7 g3 52. Nc5 h4 53. Nd3+ Kf3
54. Rf1+ Kg4 55. Rf4+ Kh3 56. Rf8 Re3 57. Kd2 Rxd3+ 58. Kxd3 g2 59. Rg8 Kh2 60.
Rh8 h3 61. Ke2 g1=Q 62. Rf8 Qg4+ 63. Ke3 Qg3+ 64. Ke2 Kg2 0-1

[Event "22nd European Teams Women"]
[Site "Batumi GEO"]
[Date "2019.11.01"]
[Round "8.15"]
[Board "4"]
[White "Borisova, Borislava"]
[Black "Koskoska, Gabriela"]
[Result "1/2-1/2"]
[WhiteTitle "WIM"]
[BlackTitle "WIM"]
[WhiteElo "1919"]
[BlackElo "2036"]
[WhiteTeam "Sweden"]
[BlackTeam "Republic of North Macedonia"]
[WhiteFideId "1701657"]
[BlackFideId "15000630"]
[EventDate "2019.10.24"]

1. Nf3 c5 2. c4 Nc6 3. Nc3 g6 4. d4 cxd4 5. Nxd4 Bg7 6. Nc2 Nf6 7. e4 d6 8. Be2
Be6 9. O-O Nd7 10. Be3 O-O 11. Nd4 Nc5 12. Nxe6 Nxe6 13. Qd2 Rc8 14. Rac1 Qa5
15. b3 Rfe8 16. Bg4 h5 17. Bh3 Rb8 18. Bxe6 fxe6 19. Bh6 Bf6 20. Be3 Kh7 21. f4
Rg8 22. Rf3 Kg7 23. Bf2 a6 24. c5 Rbd8 25. Qe1 Bd4 26. cxd6 exd6 27. Bxd4+ Nxd4
28. Rd3 Nc6 29. Qf2 Rgf8 30. Qe3 Kh7 31. Rcd1 Qb4 32. h3 Kg7 33. Kh2 Rf7 34. Qg3
Rdf8 35. Ne2 Qxe4 36. Re3 Qf5 37. Rxd6 Re7 38. Qe1 Rfe8 39. Qc3+ Qf6 1/2-1/2

[Event "22nd European Teams Women"]
[Site "Batumi GEO"]
[Date "2019.11.01"]
[Round "8.16"]
[Board "1"]
[White "Georgescu, Lena"]
[Black "Nazarova, Anastasia"]
[Result "1/2-1/2"]
[WhiteTitle "WFM"]
[BlackTitle "WFM"]
[WhiteElo "2271"]
[BlackElo "2147"]
[WhiteTeam "Switzerland"]
[BlackTeam "Finland"]
[WhiteFideId "1331973"]
[BlackFideId "34101737"]
[EventDate "2019.10.24"]

1. e4 c5 2. Nf3 Nc6 3. Nc3 g6 4. d4 cxd4 5. Nxd4 Bg7 6. Be3 Nf6 7. Bc4 Qa5 8.
O-O O-O 9. Bb3 d6 10. h3 Bd7 11. Re1 Rac8 12. Nf3 b5 13. Bf4 b4 14. Nd5 Rfe8 15.
a3 bxa3 16. Rxa3 Qb5 17. Ba4 Qb7 18. Rb3 Qa8 19. Bb5 Nb8 20. Nxf6+ Bxf6 21. e5
dxe5 22. Bxe5 Bxb5 23. Rxb5 Red8 24. Qe2 Qc6 25. c3 Nd7 26. Nd4 Qa6 27. Bxf6
exf6 28. Re5 Qxe2 29. R5xe2 Ne5 30. Ra1 Rd7 31. Ra6 Kg7 32. f4 Nd3 33. f5 Ne5
34. Rf2 g5 35. Rd2 Rb7 36. Re2 Nd3 37. Rc6 Rxc6 38. Nxc6 Nxb2 39. Nxa7 Nd1 40.
Nc6 Nxc3 1/2-1/2

[Event "22nd European Teams Women"]
[Site "Batumi GEO"]
[Date "2019.11.01"]
[Round "8.16"]
[Board "2"]
[White "Puuska, Heini"]
[Black "De Seroux, Camille"]
[Result "0-1"]
[WhiteTitle "WFM"]
[BlackTitle "WFM"]
[WhiteElo "1992"]
[BlackElo "2140"]
[WhiteTeam "Finland"]
[BlackTeam "Switzerland"]
[WhiteFideId "502324"]
[BlackFideId "1305620"]
[EventDate "2019.10.24"]

1. d4 Nf6 2. Nf3 g6 3. Nbd2 Bg7 4. e4 d6 5. Bb5+ c6 6. Bd3 O-O 7. O-O Nbd7 8.
Re1 e5 9. c3 Qc7 10. Nf1 Re8 11. Ng3 a6 12. a4 b6 13. h3 Bb7 14. Bd2 b5 15. Qc1
Nb6 16. a5 Nbd7 17. Bh6 Bh8 18. b4 Rac8 19. Nh4 d5 20. Bc2 Nxe4 21. Nxe4 dxe4
22. dxe5 Qxe5 23. Qd2 Qd5 24. Qe3 c5 25. Rad1 Qe6 26. f4 cxb4 27. f5 Qc6 28.
fxg6 hxg6 29. cxb4 Qxc2 30. Rxd7 Bc6 31. Rd6 Qc3 32. Qb6 Qxe1+ 0-1

[Event "22nd European Teams Women"]
[Site "Batumi GEO"]
[Date "2019.11.01"]
[Round "8.16"]
[Board "3"]
[White "Pellicoro, Nathalie"]
[Black "Dannenberg, Alia"]
[Result "0-1"]
[WhiteElo "1967"]
[BlackElo "1902"]
[WhiteTeam "Switzerland"]
[BlackTeam "Finland"]
[WhiteFideId "1332350"]
[BlackFideId "504688"]
[EventDate "2019.10.24"]

1. e4 c5 2. Nc3 Nc6 3. g3 g6 4. Bg2 Bg7 5. d3 d6 6. Be3 Nd4 7. Qd2 Qa5 8. h3 e6
9. Nf3 Ne7 10. O-O Nec6 11. Ne1 O-O 12. Bh6 Rb8 13. Bxg7 Kxg7 14. f4 b5 15. Qf2
Bd7 16. Nd1 Ne7 17. Ne3 Qc7 18. c3 Ndc6 19. Rd1 b4 20. d4 bxc3 21. bxc3 Na5 22.
f5 f6 23. g4 cxd4 24. cxd4 e5 25. dxe5 dxe5 26. Nf3 Ba4 27. Nd5 Nxd5 28. Rxd5
Rb5 29. Rxb5 Bxb5 30. Rd1 Rc8 31. g5 Qc5 32. gxf6+ Kxf6 33. Qxc5 Rxc5 34. Rd6+
Kg7 35. f6+ Kh6 36. f7 Kg7 37. Ng5 Rc1+ 38. Kh2 Nb7 39. Nxh7 Rc8 40. Ng5 Nxd6
41. f8=Q+ Kxf8 0-1

[Event "22nd European Teams Women"]
[Site "Batumi GEO"]
[Date "2019.11.01"]
[Round "8.16"]
[Board "4"]
[White "Norlamo, Sarabella"]
[Black "Tamrazyan, Gohar"]
[Result "1/2-1/2"]
[WhiteElo "2020"]
[BlackElo "1955"]
[WhiteTeam "Finland"]
[BlackTeam "Switzerland"]
[WhiteFideId "4505344"]
[BlackFideId "1330799"]
[EventDate "2019.10.24"]

1. d4 Nf6 2. c4 g6 3. Nc3 Bg7 4. e4 d6 5. Bd3 O-O 6. Nge2 c5 7. d5 e6 8. O-O
Nbd7 9. Bf4 Ne5 10. Bxe5 dxe5 11. Rc1 Nh5 12. Qd2 f5 13. Rfd1 f4 14. f3 g5 15.
Bb1 Nf6 16. dxe6 Bxe6 17. Qxd8 Raxd8 18. Nd5 g4 19. Nec3 Kf7 20. Nb5 a6 21. Nbc7
gxf3 22. Nxe6 f2+ 23. Kxf2 Kxe6 24. Nxf6 Rxd1 25. Rxd1 Bxf6 26. Rd5 Be7 27. Bc2
Rd8 28. Kf3 h5 29. Kf2 b5 30. Bd1 h4 31. Bg4+ Kf6 32. Rxd8 Bxd8 33. cxb5 axb5
34. Bd7 b4 35. Bb5 Bb6 36. Kf3 Kg5 37. Bc4 Bd8 38. Ke2 Bb6 39. Bg8 Ba7 40. h3
Bb6 41. Kd3 f3 42. gxf3 Kf4 43. Ke2 Kg3 44. Be6 Bd8 45. b3 Bg5 46. Bg4 Bc1 47.
Kd3 Bb2 48. Kc4 Bd4 49. Kb5 Kf4 1/2-1/2

[Event "22nd European Teams Women"]
[Site "Batumi GEO"]
[Date "2019.11.02"]
[Round "9.1"]
[Board "1"]
[White "Goryachkina, Aleksandra"]
[Black "Atalik, Ekaterina"]
[Result "1/2-1/2"]
[WhiteTitle "GM"]
[BlackTitle "IM"]
[WhiteElo "2575"]
[BlackElo "2464"]
[WhiteTeam "Russia"]
[BlackTeam "Turkey"]
[WhiteFideId "4147103"]
[BlackFideId "4130189"]
[EventDate "2019.10.24"]

1. Nf3 d5 2. d4 e6 3. c4 a6 4. Bg5 Be7 5. Bxe7 Qxe7 6. Nbd2 Nf6 7. e3 O-O 8. Rc1
b6 9. Qc2 Ra7 10. Bd3 dxc4 11. Nxc4 Bb7 12. Nce5 Bxf3 13. Nxf3 c5 14. O-O Nbd7
15. dxc5 Nxc5 16. Nd4 Rd7 17. Rfd1 e5 18. Nf5 Qd8 19. Bf1 g6 20. b4 Nce4 21. Ng3
Nxg3 22. hxg3 b5 23. a4 Rxd1 24. Rxd1 Qe7 25. Qc5 Qxc5 26. bxc5 Rc8 27. Rc1 Ne4
28. c6 Nd6 29. c7 Kf8 30. Rc5 f6 31. axb5 axb5 32. Bxb5 Nxb5 33. Rxb5 Rxc7 34.
f3 h5 35. e4 Kf7 36. Kf2 Rc2+ 37. Kf1 Rc1+ 1/2-1/2

[Event "22nd European Teams Women"]
[Site "Batumi GEO"]
[Date "2019.11.02"]
[Round "9.1"]
[Board "2"]
[White "Yildiz Kadioglu, Betul Cemre"]
[Black "Lagno, Kateryna"]
[Result "0-1"]
[WhiteTitle "WGM"]
[BlackTitle "GM"]
[WhiteElo "2338"]
[BlackElo "2549"]
[WhiteTeam "Turkey"]
[BlackTeam "Russia"]
[WhiteFideId "6302920"]
[BlackFideId "14109336"]
[EventDate "2019.10.24"]

1. d4 Nf6 2. c4 g6 3. Nc3 d5 4. cxd5 Nxd5 5. Bd2 Bg7 6. e4 Nxc3 7. Bxc3 O-O 8.
Qd2 Nc6 9. Nf3 Bg4 10. d5 Bxf3 11. Bxg7 Kxg7 12. gxf3 Ne5 13. O-O-O f6 14. f4
Nf7 15. Bh3 c6 16. Rhe1 Qb6 17. Be6 a5 18. Bxf7 Rxf7 19. Kb1 Rd8 20. Re3 a4 21.
a3 Qc7 22. Rd3 cxd5 23. Rxd5 Rxd5 24. exd5 Qd7 25. Qe3 Qd6 26. Rd4 b5 27. h4 Rf8
28. Qe2 Qc5 29. Rd3 Qd6 30. h5 b4 31. axb4 Qxb4 32. d6 a3 33. dxe7 Re8 34. Rxa3
Rxe7 35. Re3 Rxe3 36. fxe3 Qe4+ 37. Kc1 gxh5 38. Qxh5 Qxe3+ 39. Kc2 Qxf4 40. Qc5
Kg6 41. Qf8 Qc4+ 42. Kb1 h5 43. b4 h4 44. Qe8+ Kg5 45. b5 Qb3+ 46. Kc1 h3 47.
Qe2 Qg3 48. b6 h2 0-1

[Event "22nd European Teams Women"]
[Site "Batumi GEO"]
[Date "2019.11.02"]
[Round "9.1"]
[Board "3"]
[White "Girya, Olga"]
[Black "Ozturk, Kubra"]
[Result "1-0"]
[WhiteTitle "WGM"]
[BlackTitle "WGM"]
[WhiteElo "2476"]
[BlackElo "2317"]
[WhiteTeam "Russia"]
[BlackTeam "Turkey"]
[WhiteFideId "4195752"]
[BlackFideId "6302599"]
[EventDate "2019.10.24"]

1. d4 d5 2. c4 e6 3. Nc3 Nf6 4. Nf3 Be7 5. Bf4 O-O 6. e3 c5 7. dxc5 Bxc5 8. Rc1
Nc6 9. a3 dxc4 10. Bxc4 Qxd1+ 11. Kxd1 Bd7 12. Ke2 Rfe8 13. Rhd1 e5 14. Bg5 Bg4
15. h3 Nd4+ 16. exd4 exd4+ 17. Kf1 Bxf3 18. gxf3 dxc3 19. Rxc3 Be7 20. Bb3 Rac8
21. Rdc1 Rxc3 22. Rxc3 Bd6 23. Rd3 Rd8 24. Be3 b6 25. a4 Bc7 26. Ke2 Kf8 27.
Rxd8+ Bxd8 28. Kd3 Nd7 29. Bd1 h5 30. Kc4 Ke7 31. Kd5 f6 32. f4 h4 33. b4 a5 34.
bxa5 bxa5 35. Kc6 g6 36. Bb3 f5 37. f3 Nf6 38. Bf2 Ke8 39. Bxh4 Be7 40. Be1 Bd8
41. Kb5 1-0

[Event "22nd European Teams Women"]
[Site "Batumi GEO"]
[Date "2019.11.02"]
[Round "9.1"]
[Board "4"]
[White "Caglar, Sila"]
[Black "Kashlinskaya, Alina"]
[Result "0-1"]
[WhiteTitle "WFM"]
[BlackTitle "IM"]
[WhiteElo "2242"]
[BlackElo "2481"]
[WhiteTeam "Turkey"]
[BlackTeam "Russia"]
[WhiteFideId "6364063"]
[BlackFideId "4198026"]
[EventDate "2019.10.24"]

1. c4 Nf6 2. Nc3 g6 3. Nf3 Bg7 4. g3 O-O 5. Bg2 d6 6. O-O e5 7. d3 c5 8. Rb1 Nc6
9. a3 a5 10. Bd2 h6 11. Nd5 Nxd5 12. cxd5 Ne7 13. e4 a4 14. b4 axb3 15. Qxb3 f5
16. Bc3 Rf7 17. Nd2 f4 18. a4 Ra6 19. f3 h5 20. Nc4 g5 21. Nb6 Ng6 22. Be1 g4
23. Nxc8 Qxc8 24. fxg4 hxg4 25. Rf2 Bh6 26. Rfb2 f3 27. Bf1 Be3+ 28. Bf2 Bd4 29.
Ra2 Qf8 30. Qc4 Ra8 31. Rb6 Rd8 32. Qb5 Rdd7 33. a5 Qh6 34. a6 bxa6 35. Qxa6 Nf8
36. Qc8 Rh7 37. Bxd4 exd4 38. Rf2 Qg5 39. Rb8 Rhf7 40. Qc6 Rd8 41. Rxd8 Qxd8 42.
e5 dxe5 43. Qxc5 Nd7 44. Qb5 Nf6 45. Ra2 Qxd5 46. Qb8+ Kg7 47. Rb2 Qc5 48. Qb5
Qc1 49. Rf2 Qe3 0-1

[Event "22nd European Teams Women"]
[Site "Batumi GEO"]
[Date "2019.11.02"]
[Round "9.2"]
[Board "1"]
[White "Batsiashvili, Nino"]
[Black "Dzagnidze, Nana"]
[Result "1/2-1/2"]
[WhiteTitle "GM"]
[BlackTitle "GM"]
[WhiteElo "2422"]
[BlackElo "2502"]
[WhiteTeam "Georgia 2"]
[BlackTeam "Georgia"]
[WhiteFideId "13602993"]
[BlackFideId "13601903"]
[EventDate "2019.10.24"]

1. c4 e5 2. Nc3 Nc6 3. Nf3 Nf6 4. e4 Bc5 5. Nxe5 Nxe5 6. d4 Bb4 7. dxe5 Nxe4 8.
Qf3 Nxc3 9. bxc3 Ba5 10. Bf4 O-O 11. O-O-O Qe7 12. Kb2 Rb8 13. Bd3 b5 14. cxb5
Bb7 15. Qh3 g6 16. Qe3 Rfe8 17. Rhe1 a6 18. Bg5 Qf8 19. Bh6 Qe7 20. Bg5 Qf8 21.
Bh6 Qe7 22. Bg5 1/2-1/2

[Event "22nd European Teams Women"]
[Site "Batumi GEO"]
[Date "2019.11.02"]
[Round "9.2"]
[Board "2"]
[White "Javakhishvili, Lela"]
[Black "Khomeriki, Nino"]
[Result "1/2-1/2"]
[WhiteTitle "IM"]
[BlackTitle "WGM"]
[WhiteElo "2457"]
[BlackElo "2315"]
[WhiteTeam "Georgia"]
[BlackTeam "Georgia 2"]
[WhiteFideId "13601458"]
[BlackFideId "13603191"]
[EventDate "2019.10.24"]

1. d4 Nf6 2. c4 e6 3. Nc3 Bb4 4. e3 O-O 5. Ne2 Re8 6. a3 Bf8 7. g3 d5 8. Bg2 c6
9. b3 b6 10. e4 dxc4 11. bxc4 e5 12. dxe5 Nfd7 13. f4 Ba6 14. Nd4 Bxc4 15. Bf1
Bxf1 16. Kxf1 b5 17. Nf5 Nb6 18. Qe2 a5 19. Kg2 N8d7 20. Rd1 b4 21. Nb1 c5 22.
Bb2 Re6 23. Nd2 Qc8 24. Ne3 Qb7 25. Qb5 Qc6 26. Qxc6 Rxc6 27. Ndc4 Nxc4 28. Nxc4
Nb6 29. Rac1 Na4 30. Ba1 h5 31. Kf3 Nb6 32. Bb2 Na4 33. Ba1 Nb6 34. Bb2 a4 35.
Rd3 Re8 36. Nxb6 Rxb6 37. Rc4 Reb8 38. Ke2 Rg6 39. Bc1 h4 40. f5 Rgb6 41. gxh4
Re8 42. Rd5 b3 43. Bb2 Rh6 44. Kf3 Ra8 45. Kg4 Rb6 46. h5 Kh7 47. Rd7 Kg8 48. h3
Rba6 49. Rd5 Rb6 50. Rd7 Rba6 51. Rd5 Rb6 1/2-1/2

[Event "22nd European Teams Women"]
[Site "Batumi GEO"]
[Date "2019.11.02"]
[Round "9.2"]
[Board "3"]
[White "Khukhashvili, Sopiko"]
[Black "Khotenashvili, Bela"]
[Result "0-1"]
[WhiteTitle "IM"]
[BlackTitle "GM"]
[WhiteElo "2341"]
[BlackElo "2446"]
[WhiteTeam "Georgia 2"]
[BlackTeam "Georgia"]
[WhiteFideId "13602055"]
[BlackFideId "13602640"]
[EventDate "2019.10.24"]

1. e4 e5 2. Nf3 Nc6 3. d4 exd4 4. Nxd4 Nf6 5. Nxc6 bxc6 6. Bd3 d5 7. exd5 cxd5
8. O-O Be7 9. h3 O-O 10. Qf3 c5 11. Bf4 Be6 12. Rd1 Qb6 13. Be5 Nd7 14. Bxh7+
Kxh7 15. Qh5+ Kg8 16. Bxg7 Kxg7 17. Rd3 Nf6 18. Rg3+ Ng4 19. Nc3 Rh8 20. Qe5+
Bf6 21. Qe2 Kf8 22. hxg4 Re8 23. g5 Bg7 24. Re1 d4 25. Nd5 Qd8 26. Nf4 Bf5 27.
Qd2 Rxe1+ 28. Qxe1 Qe7 29. Qd2 Qe4 30. Nd3 Qh4 31. Kf1 Bg4 0-1

[Event "22nd European Teams Women"]
[Site "Batumi GEO"]
[Date "2019.11.02"]
[Round "9.2"]
[Board "4"]
[White "Arabidze, Meri"]
[Black "Gvetadze, Sofio"]
[Result "1-0"]
[WhiteTitle "IM"]
[BlackTitle "IM"]
[WhiteElo "2398"]
[BlackElo "2297"]
[WhiteTeam "Georgia"]
[BlackTeam "Georgia 2"]
[WhiteFideId "13604040"]
[BlackFideId "13601440"]
[EventDate "2019.10.24"]

1. d4 d5 2. c4 dxc4 3. Nf3 Nf6 4. e3 Bg4 5. Bxc4 e6 6. Nc3 Nc6 7. O-O a6 8. h3
Bh5 9. Re1 Be7 10. a3 O-O 11. Be2 Bd6 12. b4 e5 13. Nxe5 Nxe5 14. Bxh5 Nxh5 15.
Qxh5 Nd3 16. Rd1 Nxc1 17. Rdxc1 f5 18. Qf3 Rb8 19. b5 a5 20. a4 Kh8 21. Nd5 Qd7
22. Rc2 g5 23. Qh5 Qg7 24. Rac1 Rf7 25. h4 gxh4 26. Qxh4 Rg8 27. Qh3 Rd7 28. Qf3
Qh6 29. Nf4 Rdg7 30. g3 Qh4 31. Kg2 b6 32. Rh1 Qe7 33. Rc6 Rg4 34. Ne2 Qf7 35.
Rh6 R4g6 36. Rh5 Qa2 37. Rxf5 Rxg3+ 38. Nxg3 Rxg3+ 39. Qxg3 Bxg3 40. Kxg3 Qb1
41. Rf8+ Kg7 42. Rc8 Qg1+ 43. Kf3 Qd1+ 44. Kf4 h5 45. R8xc7+ Kf8 46. Ke5 h4 47.
Rh7 Kg8 48. Rxh4 Qxa4 49. Kf6 1-0

[Event "22nd European Teams Women"]
[Site "Batumi GEO"]
[Date "2019.11.02"]
[Round "9.3"]
[Board "1"]
[White "Mammadzada, Gunay"]
[Black "Mkrtchian, Lilit"]
[Result "1-0"]
[WhiteTitle "IM"]
[BlackTitle "IM"]
[WhiteElo "2427"]
[BlackElo "2402"]
[WhiteTeam "Azerbaijan"]
[BlackTeam "Armenia"]
[WhiteFideId "13403729"]
[BlackFideId "13300601"]
[EventDate "2019.10.24"]

1. d4 Nf6 2. c4 e6 3. g3 c5 4. Nf3 cxd4 5. Nxd4 d5 6. Bg2 e5 7. Nf3 d4 8. O-O
Nc6 9. e3 Be7 10. exd4 exd4 11. Bf4 O-O 12. Ne5 Qb6 13. Re1 Be6 14. Nd2 Rac8 15.
Rb1 Bb4 16. a3 Nxe5 17. Bxe5 Bg4 18. Qc1 Bxd2 19. Qxd2 Rfd8 20. Rbc1 d3 21. b4
Rd7 22. c5 Qa6 23. h3 Be6 24. Rc3 Rcd8 25. g4 Bc4 26. Rec1 Bb5 27. c6 Bxc6 28.
Bxc6 bxc6 29. Bxf6 gxf6 30. Rxc6 Qxa3 31. Rxf6 Re8 32. Rfc6 Rd5 33. R6c5 Red8
34. Rxd5 Rxd5 35. Qh6 Qxc1+ 36. Qxc1 d2 37. Qd1 Kg7 38. Kf1 Kg6 39. f4 h5 40.
Ke2 hxg4 41. hxg4 Kf6 42. Qa1+ Kg6 43. Kd1 1-0